000 01004nam a2200253Ia 4500
003 OSt
005 20210212123156.0
008 191128t2017 ck ao gr 000 0 spa d
020 _a9789586643603
040 _aCO-JMCR
_cCO-JMCR
041 0 _aspa
082 0 4 _a720.986 /
_bB213a
_223
110 1 _aColombia.
_bBanco de la República
_94817
245 1 0 _aArquitectura, cultura, patrimonio /
_cBanco de la Republica ; fotografías por Antonio Castañeda Buraglia y Óscar Monsalve
260 _aBogotá :
_bBanco de la República,
_c©2017
300 _a192 Páginas :
_bilustraciones y fotografías a color ;
_c24 cm.
505 0 _aPatrimonio arquitectónico -- Arquitectura para la banca central -- Arquitectura para la cultura
546 _aspa
610 2 _aBanco de la República
_xarquitectura
_913385
610 2 _aBanco de la República
_xhistoria
_913386
700 1 _aCastañeda Buraglia, Antonio,
_efotógrafo
_91110
700 1 _aMonsalve, Óscar,
_efotógrafo
_913387
942 _2ddc
_cBK
999 _c4142
_d4142